日本政令指定都市地图 Cities designated by government ordinance of Japan map - Statistics

General Stats
  • This quiz has been taken 318 times
  • The average score is 14 of 20
Answers on the Map
Answers color-coded by a green-red scale on the quiz's map according to % correct below.
 
Answer Stats
城市 升格日 面积 人口 % Correct
大阪市 1956年9月1日 225 276
97%
京都市 1956年9月1日 828 145
96%
名古屋市 1956年9月1日 326 233
92%
札幌市 1972年4月1日 1121 196
92%
广岛市 1980年4月1日 907 119
89%
横滨市 1956年9月1日 438 377
87%
仙台市 1989年4月1日 786 110
87%
神户市 1956年9月1日 557 151
81%
熊本市 2012年4月1日 390 74
79%
千叶市 1992年4月1日 272 98
75%
福冈市 1972年4月1日 343 163
74%
北九州市 1963年4月1日 492 94
69%
新潟市 2007年4月1日 726 78
67%
静冈市 2005年4月1日 1412 68
66%
冈山市 2009年4月1日 790 72
58%
埼玉市 2003年4月1日 217 134
56%
川崎市 1972年4月1日 143 154
50%
堺市 2006年4月1日 150 82
41%
滨松市 2007年4月1日 1558 78
41%
相模原市 2010年4月1日 329 73
26%
No matching quizzes found
Score Distribution
Percent of People with Each Score
Percentile by Number Answered
Your Score History
You have not taken this quiz